| 000 | 02368cam a2200373 i 4500 | ||
|---|---|---|---|
| 999 |
_c23248 _d23248 |
||
| 001 | 18816818 | ||
| 003 | OSt | ||
| 005 | 20200515090756.0 | ||
| 008 | 151014s2015 gau b 001 0 eng d | ||
| 010 | _a 2015954883 | ||
| 020 | _a9781851684076 | ||
| 035 | _a(OCoLC)ocn914088568 | ||
| 040 |
_aYDXCP _beng _coclc _erda _dBTCTA _dOCLCQ _dEYM _dOCLCO _dUAB _dOCLCF _dYULAW _dIPS _dDLC |
||
| 042 | _alccopycat | ||
| 050 | 0 | 0 |
_aBP25 _b.M457 2015 |
| 082 | 0 | 4 |
_a297.092 _223 _bMEL/A |
| 100 |
_aMelchert, Christopher _eauthor. _92204 |
||
| 245 | 1 | 0 |
_aAhmad Ibn Hanbal / _cChristopher Melchert |
| 264 | 1 |
_aEngland: _bOneworld Oxford, _c2015. |
|
| 300 |
_a143p _c26 cm. |
||
| 336 |
_atext _btxt _2rdacontent |
||
| 337 |
_aunmediated _bn _2rdamedia |
||
| 338 |
_avolume _bnc _2rdacarrier |
||
| 490 | 1 |
_aResources in Arabic and Islamic studies ; _vnumber 3 |
|
| 504 | _aIncludes bibliographical references and index. | ||
| 505 | 0 | _aHadith. The adversaries of Aḥmad Ibn Ḥanbal (1997) -- Bukhārī and early Hadith criticism (2001) -- The Musnad of Ạhmad ibn Ḥanbal: how it was composed and what distinguishes it from the six books (2005) -- Bukhārī and his Ṣaḥiḥ (2010) -- The life and works of Al-Nasāʼī (2014) -- Piety. The transition from asceticism to mysticism at the middle of the ninth Century C.E. (1996) -- Early renunciants as Ḥadīth transmitters (2002) -- The piety of the Hadith folk (2002) -- Baṣran origins of classical sufism (2005) -- Exaggerated fear in the early Islamic renunciant tradition (2011) --Renunciation (zuhd) in the early Shiʻi traditions (2014) -- Law. How Ḥanafism came to originate in Kufa and traditionalism in Medina (1999) -- Traditionist-jurisprudents and the framing of Islamic law (2001) -- The meaning of Qāla ʼl-Shāfiʻī in ninth-century sources (2004) -- Māwardī, Abū Yaʻlá, and the Sunni revival (2010) -- The relation of Ibn Taymiyya and Ibn Qayyim al-Jawziyya and the Ḥanbali School of Law (2013). | |
| 650 | 0 |
_aHistory & geography _vIslamic History _92271 |
|
| 650 | 7 |
_aHadith. _2fast _0(OCoLC)fst00950112 |
|
| 650 | 7 |
_aIslam. _2fast _0(OCoLC)fst00979776 |
|
| 655 | 7 |
_aHistory. _2fast _0(OCoLC)fst01411628 |
|
| 830 | 0 |
_aResources in Arabic and Islamic studies ; _v3. |
|
| 906 |
_a7 _bcbc _ccopycat _d2 _encip _f20 _gy-nonroman |
||
| 942 |
_2ddc _cBK _h297.092 _iMEL/A _k297.092 _mMEL/A |
||